000 00462nam a2200181Ia 4500
003 GCL
008 140319s9999 xx 000 0 eng d
040 _aGCL /
_cGCL
082 0 4 _a616.01
_bT M
100 1 _aTHOMAS, C. G. A.
245 1 0 _aMEDICAL MICROBIOLOGY /
_cTHOMAS, C. G. A.
260 _a[S.N] :
_bELBS BAILLIERE TINDALL ،
_c1988
300 _a435\P
650 0 4 _aMICROBIOLOGY
650 0 4 _aFUNGI
650 0 4 _aVIRUSES - MEDICINE
942 _2ddc
_cBK
999 _c20131
_d20131